| 000 | 01166naa a22003497a 4500 | ||
|---|---|---|---|
| 001 | BR8205020 | ||
| 003 | BR-BrBNA | ||
| 005 | 20240918175149.0 | ||
| 007 | ta | ||
| 008 | 230509b bl.||||| |||| 00| 0 por d | ||
| 040 |
_aBR-BrBNA _bpor _cBiblioteca Nacional de Agricultura |
||
| 041 | _a(Pt) | ||
| 072 |
_aL00 _b9700 _b9702 _b9704 _b6100 _b9720 |
||
| 090 | _aL00 BR8205020 | ||
| 100 | 1 | _aLima, G.P. | |
| 111 | 1 |
_a1. Congresso Brasileiro da Industria de Racoes _cSao Paulo, SP (Brazil) _d5-7 May 1982 |
|
| 245 | 1 | _aCarnes: perspectivas de longo prazo | |
| 260 | 3 |
_aSao Paulo, SP (Brasil): _c1982. |
|
| 500 | _aAnais do 1. Congresso Brasileiro da Industria de Racoes Sao Paulo, SP (Brasil): 1982. p. 183-190 (BR8205020-AM)L00 | ||
| 650 | _aPOLITICA AGRICOLA | ||
| 650 | _aCREDITO RURAL | ||
| 650 | _aCOMERCIALIZACAO | ||
| 650 | _aINDUSTRIALIZACAO | ||
| 650 | _aPRECO MINIMO | ||
| 650 | _aCARNE | ||
| 650 | _aMILHO | ||
| 650 | _aSOJA | ||
| 650 | _aRACAO | ||
| 773 | 0 |
_tAnais do 1. Congresso Brasileiro da Industria de Racoes _wL00 BR8205020 _gSao Paulo, SP (Brasil), 1982. p. 183-190 |
|
| 909 |
_a202404 _bLucia _c55 _dLucia Elande |
||
| 942 |
_cAM _2AGRIS |
||
| 999 |
_c315346 _d315346 |
||